00614nam a2200181 a 4500003000500000005001700005008004100022020001800063050002800081100002300109245007400132260006500206300002400271440003800295500005300333650002800386700001800414PILC20160204153233.0100809s19uu xx 00 eng d a9781433804625 aBF 204.5 b.Sch354 2010 aSchneider, Kirk J. aExistential-humanistic therapy /cKirk J. Schneider and Orah T. Krug. aWashington D.C :bAmerican Psychological Association,c2010. a164 pages ;c23 cm. aTheories of Psychotherapy Series. aIncludes bibliographical references and indexes. aExistential psychology. aKrug, Orah T.